[Event "Match/Team URS-World 20,5-19,5"]
[Site "Belgrade"]
[Date "1970.04.02"]
[Round "3.4"]
[White "Hort, Vlastimil"]
[Black "Polugaevsky, Lev"]
[Result "1/2-1/2"]
[WhiteElo "2610"]
[BlackElo "2640"]
[Annotator "Hort/Polugaevsky"]
[PlyCount "22"]
[EventDate "1970.03.29"]
[EventType "team"]
[EventRounds "4"]
[EventCountry "YUG"]
[SourceTitle "MCL"]
[Source "ChessBase"]
[SourceDate "1999.07.01"]
[SourceVersion "1"]
[SourceVersionDate "1999.07.01"]
[SourceQuality "1"]
[WhiteTeam "World"]
[BlackTeam "World"]

1. d4 Nf6 2. Nf3 e6 3. Bg5 h6 4. Bh4 b6 (4... g5 5. Bg3 Nh5 {Polugaevsky=:P})
5. Nbd2 Bb7 6. e3 Be7 {P g5-g4 Hort=:H} 7. h3 $146 (7. Bd3 c5 (7... g5 8. Bg3
g4 {Polugaevsky}) 8. c3 Nc6 9. dxc5 bxc5 10. Qa4 Qa5 11. Qxa5 Nxa5 12. O-O Rc8
13. Ne5 Ng4 14. Bg3 Nxe5 15. Bxe5 d6 16. Bg3 Nc6 17. Nc4 Rd8 18. e4 O-O 19.
Rfd1 Rd7 20. Bc2 d5 21. exd5 Rxd5 22. Rxd5 exd5 23. Nd6 Ba8 24. Nf5 Rd8 25.
Nxe7+ Nxe7 26. f3 Nc6 27. Rd1 Bb7 28. Bf2 d4 29. Ba4 a6 30. Kf1 f6 31. Ke2 Kf7
32. cxd4 Nxd4+ 33. Bxd4 cxd4 34. Bb3+ Kg6 35. Kd3 h5 36. Re1 h4 {Trifunovic,
P-O'Kelly de Galway,A Hilversum 1947 1/2-1/2 (84)}) 7... Ne4 8. Bxe7 Qxe7 9.
Nxe4 Bxe4 10. c3 O-O 11. Bd3 Bxd3 {Draw offered by Polugaevsky.} 1/2-1/2

[Event "Capablanca Memorial Elite 32nd"]
[Site "Cienfuegos"]
[Date "1997.05.08"]
[Round "3"]
[White "Arencibia Rodriguez, Walter"]
[Black "Rodriguez Cespedes, Amador"]
[Result "1-0"]
[WhiteElo "2560"]
[BlackElo "2555"]
[Annotator "Jacoby,G"]
[PlyCount "37"]
[EventDate "1997.05.05"]
[EventType "tourn"]
[EventRounds "11"]
[EventCountry "CUB"]
[EventCategory "12"]
[SourceTitle "CBM 059"]
[Source "ChessBase"]
[SourceDate "1997.08.01"]
[SourceVersion "1"]
[SourceVersionDate "1997.08.01"]
[SourceQuality "1"]

1. d4 Nf6 2. Nf3 e6 3. Bg5 c5 4. e3 Be7 5. dxc5 Bxc5 6. Bd3 $146 (6. Be2 Be7 7.
c4 b6 8. Nc3 Bb7 9. O-O O-O 10. Qc2 Na6 11. Rfd1 Nc5 12. Rd4 d5 13. Rad1 Rc8
14. Bf4 Qe8 15. Ne5 Nce4 16. Nxe4 Nxe4 17. Rxe4 dxe4 18. Nd7 {1-0 Hort,
V-Adorjan,A/Reggio Emilia8485 1984/MCD-r8 (35)}) (6. c4 Bb4+ (6... O-O 7. Nc3
Be7 8. Bd3 Nc6 9. O-O h6 10. Bh4 b6 11. Rc1 Bb7 12. Qe2 d6 13. Rfd1 Rc8 14. Bb1
Re8 15. Nb5 {1-0 Hodgson,J-Franzoni,G/WchT Luzern 1989/CBM 16 (28)}) 7. Nbd2 b6
8. Bd3 Nc6 9. O-O Be7 10. Rc1 Bb7 11. Qe2 O-O 12. Rfd1 Qc7 (12... Rc8 13. Bb1
Qc7 14. Bxf6 Bxf6 {1/2-1/2 Hodgson,J-Howell,J/BCF-ch Eastbourne 1990/EXT 90ch})
13. Bf4 d6 14. h3 Rac8 15. a3 Rfd8 {Jussupow,A-Karpov,A/London csf1 1989/CAND/
[Jussupow]/1/2-1/2 (61)}) 6... Nc6 7. O-O d5 8. Nbd2 Be7 9. c4 O-O 10. Rc1 Bd7
11. a3 dxc4 12. Nxc4 Nd5 13. Bxe7 Qxe7 14. b4 Rfc8 15. Bb1 b5 (15... Rc7 16.
Qd3 g6 17. b5 $14) 16. e4 Nb6 (16... bxc4 $142 $5 17. exd5 exd5 18. Qxd5 Be6
19. Qe4 $14) 17. Nd6 $16 Rd8 18. e5 g6 (18... f5 19. Ba2 $16) (18... a5 $2 19.
Rxc6 $1 Bxc6 20. Qc2 $18) 19. Be4 (19. Be4 Nc4 20. Rxc4 $1 bxc4 21. b5 $18 (21.
Nxc4 $6 Rac8 $11) 21... Nxe5 22. Nxe5 (22. Bxa8 $6 Nxf3+ 23. Bxf3 Be8 $11)
22... Bxb5 23. Nexf7 $18) (19. Nxb5 $6 Nxe5 20. Nbd4 Nxf3+ 21. Qxf3 Rac8 $11)
1-0

[Event "Candidates sf1"]
[Site "London"]
[Date "1989.??.??"]
[Round "8"]
[White "Jussupow, Artur"]
[Black "Karpov, Anatoly"]
[Result "1/2-1/2"]
[WhiteElo "2610"]
[BlackElo "2755"]
[Annotator "Jussupow,A"]
[PlyCount "121"]
[EventDate "1989.10.??"]
[EventType "match"]
[EventRounds "8"]
[EventCountry "ENG"]
[SourceTitle "Candidates"]
[Source "ChessBase"]
[SourceDate "1999.07.01"]
[SourceVersion "2"]
[SourceVersionDate "1999.07.01"]
[SourceQuality "1"]

1. d4 {Artur Yusupov} Nf6 2. Nf3 e6 3. Bg5 c5 4. e3 Be7 5. dxc5 $5 Bxc5 {
5...Qa5 6.Nbd2 Qc5 7.Bd3} 6. c4 Bb4+ $5 7. Nbd2 b6 8. Bd3 Nc6 9. O-O Be7 {
9...Bb7 10.Ne4 Be7 11.Bf6 gf 12.Qe2+/=} 10. Rc1 {10.Qe2!?} Bb7 11. Qe2 O-O 12.
Rfd1 {12.Bb1 d5!?+/=} Qc7 13. Bf4 {13.Bb1!?+/=} (13. Ne4 Nxe4 14. Bxe4 Bxg5 15.
Nxg5 f5 {15...h6!?} 16. Bb1 Ne5 $10) 13... d6 14. h3 Rac8 15. a3 Rfd8 16. Bh2 {
16.Nb1?? e5-+} Qb8 $10 17. Nb1 {17.Ne4!?=} Nd7 $1 {/\Nce5} 18. Nc3 Nce5 19.
Nxe5 Nxe5 20. b3 {20.Be5 de=/+^^} Qa8 $1 21. e4 Nxd3 $6 {>=21...Bg5=/+} 22.
Qxd3 {22.Rd3?! b5!-/+} b5 $5 (22... d5 23. exd5 Bxa3 24. Rb1 $1 {/\24...ed 25.
Nd5; 24.Rc2?! ed 25.cd Bb4-/+} Bb4 25. Nb5 $13 {/\Nc7}) 23. Bf4 $1 $14 {
23.cb d5-/+} bxc4 24. bxc4 Bf6 25. f3 Bxc3 26. Rxc3 e5 27. Be3 Ba6 28. Qc2 {
/\c5;><a7} h6 29. c5 Qc6 30. Rd5 dxc5 31. Rdxc5 $138 {>=31.Rcc5|^} Qe8 32. Rxc8
Rxc8 33. Bxa7 Rxc3 34. Qxc3 f6 35. Qb3+ Qf7 36. Qxf7+ Kxf7 $10 37. a4 Ke6 38.
Bc5 h5 39. Kf2 g6 40. a5 Kd7 41. h4 f5 42. exf5 gxf5 43. g3 Ke6 44. Bb4 Kd5 45.
Ke3 Bc4 46. Be1 {46.g4 fg 47.fg hg 48.h5 Kc6 49.h6 Bg8=} Kc6 47. Bc3 Kd6 48.
Bb2 Kd5 49. Ba3 Kc6 50. Be7 Kd7 51. Bf6 Ke6 52. Bd8 Kd7 53. Bb6 Kc6 54. Kd2 Bd5
55. Ke2 Bc4+ 56. Ke3 Kd6 57. Ba7 Kc7 58. Bc5 Kc6 59. Bf8 Kc7 60. Bg7 Kd6 61.
Kd2 {Artur Yusupov} 1/2-1/2

[Event "Olympiad-32"]
[Site "Yerevan"]
[Date "1996.09.30"]
[Round "13.1"]
[White "Jussupow, Artur"]
[Black "Sitanggang, Salor"]
[Result "1-0"]
[WhiteElo "2665"]
[BlackElo "2410"]
[Annotator "Jussupow,A"]
[PlyCount "85"]
[EventDate "1996.09.15"]
[EventType "team-swiss"]
[EventRounds "14"]
[EventCountry "ARM"]
[SourceTitle "CBM 055"]
[Source "ChessBase"]
[SourceDate "1996.12.01"]
[SourceVersion "1"]
[SourceVersionDate "1996.12.01"]
[SourceQuality "1"]
[WhiteTeam "Germany"]
[BlackTeam "Indonesia"]
[WhiteTeamCountry "GER"]
[BlackTeamCountry "INA"]

1. d4 Nf6 2. Nf3 d6 3. g3 Bf5 $6 4. Bg2 c6 5. O-O (5. Nh4 $5 Bd7 6. e4 $14)
5... h6 6. c4 e6 (6... g5 $5) 7. Nc3 Nbd7 (7... d5 $14) 8. d5 cxd5 9. cxd5 (9.
Nd4 Be4 (9... dxc4)) 9... e5 10. Nd2 Be7 11. e4 Bg4 (11... Bh7 $142) 12. f3 Bh5
13. Nc4 $16 Rc8 14. Qe2 Qc7 15. Ne3 Bg6 16. Bd2 O-O 17. Bh3 $1 (17. Rac1 Qb8 {
/\Bd8-b6}) 17... a6 (17... Qb8 18. a4 Bd8 19. a5 $16) 18. a4 Nh7 19. Rac1 $5
Ng5 20. Bf5 Bxf5 21. Nxf5 Nc5 {[#]} (21... Qd8 $142 $16) 22. Nd1 $1 {/\b4} Qd7
(22... Qd8 23. b4 Nxa4 24. Rxc8 $18) (22... a5 23. Bxa5 $18) 23. Rxc5 $1 $16 (
23. f4 Ngxe4 24. Qg4 g6 $13 (24... Bf6)) 23... Rxc5 24. f4 exf4 $1 (24... Nh3+
25. Kg2 g6 26. Nxe7+ $18) (24... Nh7 $2 25. Qg4 $18) 25. gxf4 Nxe4 26. Qxe4 (
26. Qg4 $6 Qxf5 27. Qxf5 Nxd2 28. Rf2 Nb3 $44) 26... Bf6 27. Bc3 Re8 28. Qd3 (
28. Nxh6+ $2 gxh6 29. Qg2+ Kh7 30. Bxf6 Rg8 $19) 28... Bxc3 29. Nxc3 (29. bxc3
$5) 29... b5 (29... g6 30. Nxh6+ Kg7 31. f5 $1 Kxh6 32. Qh3+ Kg5 33. Qg3+ Kh6 (
33... Kh5 34. Rf4 Kh6 35. Qh4+ Kg7 36. f6+ Kg8 37. Qh6 $18) 34. Qh4+ Kg7 35.
f6+ Kg8 36. Qh6 Qg4+ 37. Kh1 $18) 30. axb5 axb5 31. Rf2 $2 (31. Rf3 b4 32. Rg3
bxc3 33. Rxg7+ Kh8 (33... Kf8 34. Rg8+ $18) 34. Qh3 Re6 $13) (31. Kh1 $1 {Lutz}
Rc4 (31... b4 32. Ne4 $1 Qxf5 33. Nxc5 $18) 32. Nxb5 $18) 31... Re1+ 32. Kg2 b4
33. Ne2 Qb7 34. Kh3 (34. Qd4 $5 f6 35. Ne3 $16) 34... Kf8 35. Qg3 (35. Qd4 $142
f6 36. Ne3 $16) 35... g6 36. Qh4 Qc8 37. Qxh6+ Ke8 38. Qh8+ Kd7 39. Qf6 (39.
Qxc8+ Rxc8 (39... Kxc8 40. Nxd6+ Kd7 (40... Kc7) 41. Ne4 Rc2 $132) 40. Nfd4 $14
) 39... Rxd5 $2 (39... gxf5 $1 40. Qxf7+ Kd8 41. Rg2 Qd7 42. Qf6+ Kc7 43. Rg7
Rxe2 44. Rxd7+ Kxd7 $14) 40. Qxf7+ Kc6 41. Ned4+ $18 Kb6 (41... Rxd4 42. Rc2+)
42. Qxd5 gxf5 43. Qb5+ 1-0

[Event "Candidates sf1"]
[Site "London"]
[Date "1989.??.??"]
[Round "4"]
[White "Jussupow, Artur"]
[Black "Karpov, Anatoly"]
[Result "1-0"]
[WhiteElo "2610"]
[BlackElo "2755"]
[Annotator "Jussupow,A"]
[PlyCount "73"]
[EventDate "1989.10.??"]
[EventType "match"]
[EventRounds "8"]
[EventCountry "ENG"]
[SourceTitle "Candidates"]
[Source "ChessBase"]
[SourceDate "1999.07.01"]
[SourceVersion "2"]
[SourceVersionDate "1999.07.01"]
[SourceQuality "1"]

1. d4 {Artur Yusupov} Nf6 2. Nf3 e6 3. Bg5 c5 4. e3 b6 $6 5. d5 $1 exd5 6. Nc3
Be7 {6...Bb7 7.Nd5+/=} 7. Nxd5 {7.Bf6?! Bf6 8.Nb5!? 0-0 9.Qd5 Bb2! 10.Rb1 Qf6}
Bb7 8. Bxf6 {8.Bc4 b5? 9.Ne7+/-; 8...Nd5 9.Bd5 Nc6 10.Bf4!+/-; >=8...Nc6 /
\Na5+/=} Bxf6 9. c3 O-O 10. Bc4 $14 (10. Be2 d6 11. O-O Nd7 $5 $14 {/\12...Be7,
Nf6}) 10... a6 (10... Nc6 $5 11. Nxf6+ {11.0-0!? Na5 12.Nf6 Qf6 13.Bd5+/=} Qxf6
12. Qxd7 Na5 13. Be2 Rad8 $44) 11. O-O (11. a4 Nc6 {11...b5? 12.ab ab 13.Ra8
Ba8 14.Nf6 Qf6 15.Bb5+/-} 12. O-O Na5 13. Nxf6+ Qxf6 14. Bd5 $14) 11... b5 12.
Bb3 {>=12.Nf6 Qf6 13.Bd5 Nc6 14.Qd2 d6 15.Rfd1 Rfd8 16.a4!?+/-} d6 13. Qd2 Nd7
14. Rfd1 Bxd5 $1 {14...Be5!? 15.Ne5 de 16.Ne7 Qe7 17.Qd7 Rfe8 18.Rd6 c4 19.Bc2
Qd7 20.Rd7 Bc6+/=; 15.Ne1!?/\f4(Flear,Jacobs)} 15. Bxd5 Rb8 16. Qc2 Nb6 17. Rd2
g6 18. Rad1 Qc7 $6 {>=18...Qe7} 19. Qe4 (19. h4 $5 Kg7 20. h5 {20.g3 h5=} Qe7
21. g3 $36 {/\Kg2<->h}) 19... Kg7 20. h4 Qe7 21. Qf4 {21.Qg4 h5=} Be5 22. Nxe5
dxe5 23. Qg3 Rbd8 24. h5 Rd7 {24...Rd6? 25.hg+/- hd? 26.Bf7!} 25. b3 Rfd8 26.
e4 $14 g5 {26...Na8 27.Qe3/\h6|^} 27. Qe3 h6 28. c4 Rc7 {/\Nd7-Nf6><h5} 29. Rd3
$5 Nd7 $138 30. Bxf7 $1 $138 Kxf7 $1 {30...Qf7? 31.Qh3 ><d7->} 31. Qd2 (31. Qh3
Qe6 32. Qxe6+ Kxe6 33. Rd6+ Ke7 34. Rxh6 Nf8 35. Rxd8 Kxd8 36. Rxa6 bxc4 37.
bxc4 Ke7 $146 {/\Nh7-Nf6}) 31... Ke8 32. Qa5 bxc4 {32...Rc6 33.cb ab 34.Qb5
Qe6 35.Rd5~/=|^} 33. bxc4 {33.Rd6!? Rcc8 /\Nf8,Nf6} Rcc8 $2 {/\Nf8} 34. Qa4 $1
{/\Rd6} Rc7 35. Qxa6 $40 Rb8 36. Qg6+ Kf8 $4 (36... Kd8 37. Rd6 Qe8 {37...Kc8
38.Re6 Nf8 39.Re7 Ng6 40.Re8 Kb7 41.Rb1+-} 38. Qxh6 $18 {38.Re6!? Qf8 39.Rf6
Qe8 40.Rf7 /\Kc8 41.Rd7+-}) 37. Rf3+ {Artur Yusupov} 1-0

[Event "Bonn GSK"]
[Site "Bonn"]
[Date "1993.??.??"]
[Round "?"]
[White "Seul, Georg"]
[Black "Kengis, Edvins"]
[Result "1/2-1/2"]
[WhiteElo "2415"]
[BlackElo "2555"]
[Annotator "Kengis,E"]
[PlyCount "97"]
[EventDate "1993.??.??"]
[EventType "tourn"]
[EventRounds "9"]
[EventCountry "GER"]
[EventCategory "8"]
[SourceTitle "CBM 034"]
[Source "ChessBase"]
[SourceDate "1993.06.01"]
[SourceVersion "1"]
[SourceVersionDate "1993.06.01"]
[SourceQuality "1"]

1. d4 e6 2. Nf3 Nf6 3. Bg5 h6 4. Bh4 b6 5. e3 Bb7 6. Bd3 c5 7. Nbd2 cxd4 8.
exd4 Be7 9. O-O O-O 10. c3 d6 11. Bxf6 Bxf6 12. Be4 Qc7 13. Bxb7 Qxb7 14. Nc4
b5 $6 (14... d5 $1) 15. Qb3 Qa6 16. Ne3 (16. Na3 $1 $16) 16... Nd7 17. a4 Rfb8
18. axb5 Qxb5 19. Qxb5 Rxb5 20. Ra2 d5 21. Rfa1 Rb7 22. g3 Bd8 23. Kg2 Kf8 24.
Nc2 Bb6 25. Nb4 Rc8 26. Nd3 Nf6 27. Nd2 Nd7 28. Nb3 g5 29. Rc1 Rbb8 30. f3 Rb7
31. Kf1 Rbb8 32. Nd2 Kg7 33. Ke2 Re8 34. Re1 e5 (34... f6 $1 35. f4 e5 36. fxe5
fxe5 37. dxe5 Nxe5 38. Nxe5 Rxe5+ 39. Kd1 $13) 35. dxe5 Nxe5 36. Nxe5 Rxe5+ 37.
Kf1 Rxe1+ 38. Kxe1 d4 39. c4 d3 40. Kd1 Bd4 41. b3 Rb7 42. Ra5 Bc3 43. Rd5 Bxd2
44. Kxd2 Rxb3 45. c5 Rb5 46. Kxd3 a5 47. Kc4 Rb4+ 48. Kc3 Rb5 49. Kd4 1/2-1/2

[Event "Olympiad-32"]
[Site "Yerevan"]
[Date "1996.09.20"]
[Round "5.3"]
[White "Kurajica, Bojan"]
[Black "Grosar, Aljosa"]
[Result "1-0"]
[WhiteElo "2490"]
[BlackElo "2485"]
[Annotator "Kharitonov,A"]
[PlyCount "101"]
[EventDate "1996.09.15"]
[EventType "team-swiss"]
[EventRounds "14"]
[EventCountry "ARM"]
[SourceTitle "CBM 055"]
[Source "ChessBase"]
[SourceDate "1996.12.01"]
[SourceVersion "1"]
[SourceVersionDate "1996.12.01"]
[SourceQuality "1"]
[WhiteTeam "Bosnia&Herzegovina"]
[BlackTeam "Slovenia"]
[WhiteTeamCountry "BIH"]
[BlackTeamCountry "SLO"]

1. d4 Nf6 2. Nf3 e6 3. g3 b5 4. Bg2 Bb7 5. O-O c5 (5... h6 $5 6. Nbd2 c5 (6...
d5) 7. c4 bxc4 8. Nxc4 cxd4 9. Qxd4 d5 10. Nce5 Be7 11. Qa4+ Nbd7 12. Be3 O-O
13. Rfc1 $14 {Ftacnik,L-Ehlvest,J/Manila(olm)/1992/0,5/54/}) 6. c3 (6. Bg5 $5)
6... h6 $5 {ץc1/} 7. a4 (7. dxc5 $6 Bxc5 8. b4 Be7 9. a4 bxa4 10. Qxa4 a5 $1
11. Qb3 (11. bxa5 Nc6 $15) 11... O-O 12. Ba3 $2 (12. bxa5 Bxf3 13. Bxf3 Rxa5
14. Rxa5 Qxa5 15. Nd2 $10) 12... axb4 13. cxb4 Bd5 14. Qb2 Ne4 15. b5 Bf6 16.
Nd4 Qb6 17. e3 Rc8 $17 {Kharitonov,A-Ivanov,V/Moscow-ch/1996/0:1/46/}) 7... b4
8. a5 Na6 9. e3 (9. Ne5 $5 Bxg2 10. Kxg2 Be7 11. Qd3 Qc8 12. Nd2 O-O {/\13...d6
}) 9... Qc7 $5 (9... Be7 10. c4 {/\b3,Bb2/}) 10. Qe2 Rc8 $1 11. Bd2 (11. Nbd2
d5 12. Ne5 Bd6 13. Qb5+ Ke7 $13) 11... Be7 12. Rc1 Qb8 13. Be1 O-O (13... cxd4
14. exd4 {/\c4/}) 14. Nbd2 Qa8 $1 15. Nh4 (15. c4 d5 $13) 15... Bxg2 (15... d5
$5) 16. Nxg2 Qb7 {פa6/} 17. Nf4 cxd4 18. cxd4 d5 19. Nd3 Qb5 $15 (19... Rxc1
20. Rxc1 Rc8 21. Rxc8+ Qxc8 22. Qd1 $10) 20. Kf1 Nd7 21. Ne5 Qxe2+ 22. Kxe2
Nxe5 23. dxe5 Nc5 24. Rc2 {/\Rac1/} Rb8 25. Nf3 (25. Rac1 $6 Rb5 {><a5/}) 25...
Nb3 26. Ra4 {><b4,פb3/} Rfc8 27. Kd1 (27. Rxc8+ Rxc8 28. Bxb4 Rc4) 27... a6
28. Bxb4 $5 Rxc2 (28... Bxb4 29. Rxb4 Nxa5 30. Rxc8+ Rxc8 31. Ra4 Nb3 32. Rxa6
Rc1+ 33. Ke2 Rc2+ $10) 29. Kxc2 Bxb4 (29... Rxb4 30. Rxb4 Bxb4 31. Kxb3 Bxa5
$10) 30. Kxb3 Be1+ (30... Bxa5+ $6 31. Ka2 $16) 31. Kc2 Bxf2 32. e4 dxe4 $2 (
32... Rb5 $5 33. exd5 Rxd5 {><e5/} 34. b4 f6 35. exf6 gxf6 36. Ra3 {/\Rd3=/})
33. Rxe4 Bc5 34. Kc3 Be7 35. Rc4 $16 {/\b4,Nd4-c6/} f6 36. Nd4 $1 Rb7 (36...
fxe5 37. Nc6 Rb7 38. Nxe7+ Rxe7 39. Rc6 Ra7 40. Rxe6 $18) 37. Rc8+ Kf7 38. Nc6
fxe5 39. Nxe5+ Kf6 40. Nc6 Rb5 (40... e5 41. Ra8 $18) 41. b4 Bd6 42. Kc4 {
/\Ra8/} Bxb4 43. Nxb4 Rxa5 44. Nc6 Ra2 45. Rf8+ Kg5 46. Ne5 $18 Re2 47. Kd4 a5
48. h4+ Kh5 49. Rg8 a4 (49... g5 50. hxg5 hxg5 51. Rh8#) 50. Rxg7 a3 51. Nf3 $6
(51. Nd3 $5 e5+ 52. Nxe5 a2 53. Ra7 a1=Q+ 54. Rxa1 Re4+ 55. Kd5 Rd4+ 56. Kc6
Rd6+ 57. Kc7 $18) (51. Nf3 Rg2 52. Ke3 a2 53. Ra7 Rxg3 (53... Kg4 $5 $13) 54.
Rxa2 Kg4 55. Ra4+ Kh3 56. Rf4 $18) 1-0

[Event "Perenyi Memorial"]
[Site "Gyula"]
[Date "2000.01.24"]
[Round "1"]
[White "Dittmar, Peter"]
[Black "Wang, Rui"]
[Result "1-0"]
[WhiteElo "2308"]
[BlackElo "2496"]
[Annotator "King,D"]
[PlyCount "115"]
[EventDate "2000.01.24"]
[EventType "tourn"]
[EventRounds "13"]
[EventCountry "HUN"]
[EventCategory "9"]
[SourceTitle "CBM 076"]
[Source "ChessBase"]
[SourceDate "2000.05.31"]
[SourceVersion "1"]
[SourceVersionDate "2000.05.31"]
[SourceQuality "1"]

1. d4 {Alterman,B} Nf6 2. Bg5 e6 3. e4 h6 4. Bxf6 Qxf6 5. Nf3 d6 6. c3 Nc6 7.
Bd3 g6 8. Nbd2 Bg7 9. Qe2 e5 10. d5 Nb8 11. a4 O-O 12. a5 Qd8 13. O-O f5 14.
exf5 gxf5 15. Ne1 c6 {Alterman,B: 'More precise was'} (15... Nd7 {Alterman,B}
16. f4 e4 17. Bc2 Nf6 18. Bb3 Qe8 19. Nc2 Qg6 {With a good counterplay}) (15...
e4 {Alterman,B} 16. Bc2 Nd7 17. f3 Ne5 18. fxe4 f4 {[%csl Ge5]} 19. Nef3 $1)
16. Bc4 Kh8 17. f4 {First the f5 pawn is stopped in its tracks, so restricting
the movment of the bishop on c8.} Nd7 18. Nd3 Rb8 19. Kh1 e4 20. Nb4 Qc7 21. h3
Nf6 22. Rg1 Bd7 23. Nf1 c5 24. Nc2 {'!' Alterman,B.} b5 25. axb6 Rxb6 $2 {
After this Black is strategically lost.} (25... axb6 {had to be tried.} 26.
Nce3 (26. Na3 $2 b5 27. Nxb5 (27. Bxb5 Nxd5) 27... Bxb5 28. Bxb5 Nxd5 {[%csl
Rf4][%cal Rd5f4]}) 26... b5 27. Bb3 c4 28. Bc2 {I still prefer White as there
is the option of positional pressure with Ng3, or blowing up the kingside with
g4, but compared to the game, where Black has zero counterplay, this has to be
better.} (28. Bc2 {Alterman,B} Qc5 $13)) 26. Nce3 {[%csl Ra7,Rf5][%cal Re3f5,
Ra1a7] A beautiful blockader, protected by the pawn on e4 from attack, and it
has a target of its own on f5. Added to that White has another target on a7.}
Qb8 27. Ra2 Ng8 28. Ng3 Ne7 29. Nh5 Ng6 30. Rga1 Rb7 {Alterman,B: 'Blunder.
Last chance was'} (30... a5 {Alterman,B}) 31. Ba6 Bb5 (31... Rc7 32. Nc4) 32.
Bxb5 Rxb5 33. Nxg7 Kxg7 34. Rxa7+ {'+-' Alterman,B.} Rb7 35. Qa6 Re7 36. Rxe7+
Nxe7 37. Qa7 Qxa7 38. Rxa7 Kf6 39. Rd7 Ra8 40. Rxd6+ Kf7 41. Rxh6 Ra1+ 42. Kh2
Re1 {Alterman,B: 'Black is not able to create some counterplay.'} 43. d6 Rxe3
44. Rh7+ Ke6 45. dxe7 Kd7 46. Rf7 c4 47. Rxf5 Kxe7 48. Rc5 Kf6 49. Rxc4 Kf5 50.
b4 Kxf4 51. b5 Rd3 52. b6 Rd8 53. b7 Rb8 54. Rb4 Ke3 55. c4 Kd4 56. c5+ Kxc5
57. Rxe4 Rxb7 58. Re1 1-0

[Event "Elbow Beach Club GM-A"]
[Site "Paget Parish"]
[Date "2001.01.20"]
[Round "1"]
[White "Macieja, Bartlomiej"]
[Black "Stefansson, Hannes"]
[Result "1-0"]
[WhiteElo "2578"]
[BlackElo "2570"]
[Annotator "Konikowski,J"]
[PlyCount "91"]
[EventDate "2001.01.20"]
[EventType "tourn"]
[EventRounds "10"]
[EventCountry "BER"]
[EventCategory "13"]
[SourceTitle "CBM 081"]
[Source "ChessBase"]
[SourceDate "2001.03.20"]
[SourceVersion "1"]
[SourceVersionDate "2001.03.20"]
[SourceQuality "1"]

1. d4 Nf6 2. Nf3 e6 3. Bg5 c5 4. c3 h6 5. Bxf6 Qxf6 6. e4 Nc6 (6... cxd4 7.
cxd4 Bb4+ 8. Nc3 Nc6 9. Rc1 d5 10. e5 Qd8 11. Bd3 Bd7 12. O-O Rc8 13. a3 Be7
14. b4 a6 {1/2-1/2 Meduna,E-Lechtynsky,J/Namestovo 1987/}) 7. e5 Qg6 $146 {
[%mdl 8]} (7... Qd8 $5 8. Nbd2 cxd4 9. cxd4 Qb6 (9... b6 10. Bd3 Bb7 11. O-O
Nb4 12. Be4 Nd5 13. Rc1 Be7 14. a3 O-O 15. Re1 Rc8 16. Qe2 Rxc1 17. Rxc1 Qa8
18. g3 Rc8 19. Rxc8+ Qxc8 20. Qc4 Qb8 21. h4 d6 22. Bc2 {/\Qc4-d3-> Suppa,
E-Inkiov,V/Porto San Giorgio 1998/}) 10. Qb3 Nxd4 11. Qxb6 Nxf3+ 12. Nxf3 axb6
13. Bb5 g5 14. O-O Bg7 15. Rfe1 Ke7 16. a4 f6 17. Nd2 fxe5 18. Nc4 e4 19. Rxe4
d5 20. Nxb6 dxe4 21. Nxa8 Bxb2 22. Rd1 e5 23. Nb6 Be6 $17 {Mueller,H-Kern,G/
Recklinghausen 1999/}) 8. g3 cxd4 9. Bd3 f5 10. cxd4 b6 11. O-O Be7 12. Nc3 Bb7
13. a3 Rc8 14. Rc1 (14. d5 $14) 14... Na5 (14... Qf7 15. Qe2 $14) 15. d5 O-O (
15... Bxd5 $2 16. Nxd5 Rxc1 17. Qxc1 exd5 18. Qc8+ Bd8 19. e6 $18) 16. Qa4 Rfd8
17. b4 Rxc3 $2 {[%mdl 16384]} (17... Nc4 $142 18. Qxa7 Bxd5 19. Nxd5 exd5 20.
Nd4 $16) 18. Rxc3 $18 Bxd5 19. Qd1 (19. Nd4 $142 $1) 19... Nc6 20. Re1 d6 21.
Bc4 Bxc4 (21... Bxf3 $5 22. Qxf3 Nxe5 $14) 22. Rxc4 $16 Nxe5 23. Rc7 Bf6 24.
Nxe5 dxe5 25. Qb3 f4 $2 (25... Qe8 $142) 26. Qxe6+ $18 Kh7 27. Rc8 (27. Rxa7
$142) 27... Rxc8 28. Qxc8 h5 29. Qa8 Qg4 (29... h4 30. Kg2 $16) 30. Kg2 Kh6 (
30... h4 31. h3 (31. Qxa7 $4 f3+ 32. Kg1 Qh3 $19) (31. Qe4+ Kh6 32. h3 $16)
31... Qf5 32. g4 $16) 31. Qf3 Qf5 32. Qe4 Qg5 33. Rd1 h4 34. Rd3 Qh5 35. h3
hxg3 36. fxg3 fxg3 37. Rxg3 g6 38. Qg4 Qf5 39. Qxf5 gxf5 40. Rg8 e4 41. Kg3
Be5+ 42. Kf2 f4 $2 (42... Bb2 $142 $14) 43. Re8 $18 Bd4+ 44. Kf1 e3 45. Re4 Bb2
46. Rxf4 (46. Rxf4 Bxa3 47. b5 $18) 1-0